Telephone projects for the evil genius
Telephone Projects for the Evil Genius has everything you need to build and customize both wired and wireless phone gadgets that not only save you money, but also improve the quality of your life! Using easy-to-find parts and tools for creating both retro and modern phone projects, this do-it-yourse...
Na minha lista:
| Autor principal: | |
|---|---|
| Formato: | Livro |
| Idioma: | Undetermined |
| Publicado em: |
New York
McGraw-Hill
2009
|
| Assuntos: | |
| Tags: |
Adicionar Tag
Sem tags, seja o primeiro a adicionar uma tag!
|
| Thư viện lưu trữ: | Trung tâm Học liệu Trường Đại học Cần Thơ |
|---|
| LEADER | 01284nam a2200205Ia 4500 | ||
|---|---|---|---|
| 001 | CTU_187267 | ||
| 008 | 210402s9999 xx 000 0 und d | ||
| 082 | |a 621.385 | ||
| 082 | |b P498 | ||
| 100 | |a Petruzzellis, Thomas | ||
| 245 | 0 | |a Telephone projects for the evil genius | |
| 245 | 0 | |c Tom Petruzzellis | |
| 260 | |a New York | ||
| 260 | |b McGraw-Hill | ||
| 260 | |c 2009 | ||
| 520 | |a Telephone Projects for the Evil Genius has everything you need to build and customize both wired and wireless phone gadgets that not only save you money, but also improve the quality of your life! Using easy-to-find parts and tools for creating both retro and modern phone projects, this do-it-yourself guide begins with some background on the development of the landline phone and the cell. You'll review basic building techniques, such as installing components, building circuits, and soldering. Then you'll dive into the projects, which, while they range from easy to complex, are all designed to optimize your time and simplify your life | ||
| 650 | |a ĐIện thoại,Telephone | ||
| 650 | |x Thiết bi và vật tư,Thiết kế và xây dựng,Equipment and supplies,Design and construction | ||
| 904 | |i Qhieu | ||
| 980 | |a Trung tâm Học liệu Trường Đại học Cần Thơ | ||